Fugitivos / (Record no. 197100)
[ view plain ]
| 000 -LEADER | |
|---|---|
| campo de control de longitud fija | 01172nam a2200301 i 4500 |
| 001 - NÚMERO DE CONTROL | |
| campo de control | 197100 |
| 003 - IDENTIFICADOR DE NÚMERO DE CONTROL | |
| campo de control | SpMaBN |
| 005 - FECHA Y HORA DE LA ÚLTIMA TRANSACCIÓN | |
| campo de control | 20250821063122.0 |
| 008 - DATOS DE LONGITUD FIJA--INFORMACIÓN GENERAL | |
| campo de control de longitud fija | 250408s2024 sp |||||| 000 | spa| |
| 017 ## - NÚMERO DE COPYRIGHT O DE DEPÓSITO LEGAL | |
| Número de copyright o de depósito legal | M 21641-2024 |
| Agencia que asigna | Oficina Depósito Legal Madrid |
| 020 ## - NÚMERO INTERNACIONAL ESTÁNDAR DEL LIBRO | |
| Número Internacional Estándar del Libro | 9788410244221 |
| 040 ## - FUENTE DE CATALOGACIÓN | |
| Centro catalogador/agencia de origen | SpMaBN |
| Lengua de catalogación | spa |
| Centro/agencia transcriptor | SpMaBN |
| Normas de descripción | rda |
| 100 1# - ENTRADA PRINCIPAL--NOMBRE DE PERSONA | |
| 9 (RLIN) | 234553 |
| Nombre de persona | Palomera Güez, Federico, |
| Fechas asociadas al nombre | 1951- |
| Término indicativo de función/relación | Autor |
| 245 10 - MENCIÓN DEL TÍTULO | |
| Título | Fugitivos / |
| Mención de responsabilidad, etc. | Federico Palomera. |
| 250 ## - MENCION DE EDICION | |
| Mención de edición | Primera edición: septiembre 2024 |
| 260 ## - PUBLICACIÓN, DISTRIBUCIÓN, ETC. | |
| Lugar de publicación, distribución, etc. | Madrid : |
| Nombre del editor, distribuidor, etc. | Opera Prima, |
| Fecha de publicación, distribución, etc. | 2024. |
| 300 ## - DESCRIPCIÓN FÍSICA | |
| Extensión | 177 páginas ; |
| Dimensiones | 23 cm. |
| 336 ## - TIPO DE CONTENIDO | |
| Término de tipo de contenido | Texto |
| Fuente | rdacontent |
| 337 ## - TIPO DE MEDIO | |
| Nombre/término del tipo de medio | sin mediación |
| Fuente | rdamedia |
| 338 ## - TIPO DE SOPORTE | |
| Nombre/término del tipo de soporte | volumen |
| Fuente | rdacarrier |
| 655 #0 - TERMINO DE INDIZACIÓN--GENERO/FORMA | |
| 9 (RLIN) | 176540 |
| Datos o término principal de género/forma | Antologías |
| 852 ## - LOCALIZACIÓN | |
| Ubicación | ES-MaACL |
| Ubicación en estantería | Depósito J |
| Número de control de estantería | N-10493 |
| Anotaciones manuscritas | Dedicatoria autógrafa del autor |
| Donativo/Legado | Donación: Federico Palomera |
| Encuadernación | Encuadernaicón rústica con solapas |
| itemnumber | 206616 |
| 903 ## - NOMBRE PERSONAL DE DONANTE | |
| 9 | 234553 |
| a | Palomera Güez, Federico, |
| d | 1951- |
| e | Donante |
| 942 ## - ELEMENTOS DE ENTRADA SECUNDARIOS (KOHA) | |
| Tipo de ítem Koha | Libro impreso |
| Suprimir en OPAC | No |
| Estatus retirado | Estado de pérdida | Fuente del sistema de clasificación o colocación | Estado de daño | No para préstamo | Colección | Biblioteca de origen | Biblioteca actual | Ubicación en estantería | Fecha de adquisición | Fuente de adquisición | Total de préstamos | Signatura topográfica completa | Código de barras | Visto por última vez | Precio de reemplazo | Tipo de ítem Koha |
|---|---|---|---|---|---|---|---|---|---|---|---|---|---|---|---|---|
| Clasificación decimal universal | Libros con dedicatorias | Biblioteca del Ateneo de Madrid | Biblioteca del Ateneo de Madrid | Depósito J | 19/08/2025 | Donación | N-10493 | 2025-0992 | 19/08/2025 | 19/08/2025 | Libro impreso |
